| 000 | 01418nam a22003737a 4500 | ||
|---|---|---|---|
| 001 | BRCA_9410 | ||
| 003 | FranzMayer | ||
| 005 | 20230918125656.0 | ||
| 008 | 230904b |||||||| |||| 00| 0 eng d | ||
| 020 | _a0943836255 | ||
| 040 |
_aMFM _bESPAÑOL _cMFM |
||
| 050 | 0 |
_aN680 _bP46 2005 |
|
| 110 | 1 |
_4Responsable _aPennsylvania Academic of the Fine Arts _929598 |
|
| 240 |
_a200 Years of Excellent Art 1805-2005 _lInglés |
||
| 245 | 0 | _a200 Years of Excellent Art 1805-2005 | |
| 260 |
_aPennsylvania, EE.UU. _bPennsylvania Academic of the Fine Arts _c2005 |
||
| 300 |
_a312 p _bIlustraciones a color _c30 cm |
||
| 500 | _aAnexo 1 | ||
| 505 | _aTexto en: inglésIncluye índice temáticoIncluye cronologíaDirigido a: historiadores de arte | ||
| 650 | 1 |
_2Artes visuales _aMuseos y galerias _vColecciones _929599 |
|
| 651 | 2 |
_2Museos de EE.UU. _aFiladelfia _vPennsylvania academic of the Fine Arts _929600 |
|
| 700 | 1 |
_4Col. _aHian, Mark _929601 |
|
| 700 | 1 |
_4Col. _aLewis, Michael J. _929602 |
|
| 700 | 1 |
_4Col. _aMay, Stephen _929603 |
|
| 700 | 1 |
_4Col. _aOnorato, Ronald J. _929604 |
|
| 700 | 1 |
_4Col. _aSajet, Kim _929605 |
|
| 700 | 1 |
_4Col. _aSaylor, Peter M _929606 |
|
| 700 | 1 |
_4Col. _aBaker, Alex _929607 |
|
| 700 | 1 |
_4Col. _aLeibold, Cheryl _929608 |
|
| 700 | 1 |
_4Col. _aMarsden-Atlass, Lynn _929609 |
|
| 700 | 1 |
_4Col. _aRichards, kevin _929610 |
|
| 700 | 1 |
_4Col. _aRudolph, William _929611 |
|
| 942 |
_2lcc _cB |
||
| 999 |
_c11032 _d11032 |
||